[Event "ONJK 2018 C"]
[Site "Borne, Netherlands"]
[Date "2018.08.06"]
[Round "1.1"]
[White "Bleeker, Kasper"]
[Black "John, Niklas"]
[Result "1-0"]
[WhiteElo "1897"]
[BlackElo "1327"]
[PlyCount "73"]
[EventDate "2018.??.??"]

1. e4 c5 2. Nf3 d6 3. d4 cxd4 4. Nxd4 Nf6 5. Nc3 g6 6. Bg5 Bg7 7. Qd2 O-O 8.
O-O-O Nc6 9. Nxc6 bxc6 10. e5 Nd5 11. Nxd5 cxd5 12. exd6 Bxb2+ 13. Kxb2 Qb6+
14. Ka1 Rb8 15. Qd4 Qxd6 16. Bf4 Qb4 17. Bxb8 Qxb8 18. Be2 Bf5 19. Bg4 Bxc2 20.
Rc1 Be4 21. f3 e5 22. Qd2 Bf5 23. Bxf5 gxf5 24. Qg5+ Kh8 25. Qf6+ Kg8 26. Qxf5
d4 27. f4 f6 28. Qe6+ Kh8 29. fxe5 fxe5 30. Rhf1 d3 31. Rxf8+ Qxf8 32. Qxe5+
Kg8 33. Qe6+ Kg7 34. Rc7+ Kh8 35. Rc8 Qxc8 36. Qxc8+ Kg7 37. Qd7+ 1-0

[Event "ONJK 2018 C"]
[Site "Borne, Netherlands"]
[Date "2018.08.06"]
[Round "1.2"]
[White "Wiggers, Yannick"]
[Black "De Rycke, Tyani"]
[Result "0-1"]
[WhiteElo "1316"]
[BlackElo "1766"]
[PlyCount "64"]
[EventDate "2018.??.??"]

1. e4 c5 2. Nf3 e6 3. d4 cxd4 4. Nxd4 Nf6 5. Nc3 Nc6 6. f3 Bb4 7. Nxc6 Bxc3+ 8.
bxc3 bxc6 9. Be3 d5 10. exd5 cxd5 11. Bc5 Qc7 12. Qd4 e5 13. Qe3 Nd7 14. Bb5 f6
15. Rd1 Bb7 16. c4 Rd8 17. O-O Kf7 18. Bxd7 Rxd7 19. cxd5 Bxd5 20. a4 Rc8 21.
Ba3 Qa5 22. Rd3 Rxc2 23. Rfd1 Ke6 24. R3d2 Rxd2 25. Rxd2 Qxa4 26. g3 Rb7 27.
Rd3 Rb1+ 28. Kf2 Qc2+ 29. Rd2 Qc4 30. Re2 Rb3 31. Qxa7 Rxf3+ 32. Ke1 Qc3+ 0-1

[Event "ONJK 2018 C"]
[Site "Borne, Netherlands"]
[Date "2018.08.06"]
[Round "1.3"]
[White "Beukema, Constantijn"]
[Black "Sannen, Jette"]
[Result "1-0"]
[WhiteElo "1758"]
[BlackElo "1310"]
[PlyCount "63"]
[EventDate "2018.??.??"]

1. e4 c5 2. d4 cxd4 3. c3 dxc3 4. Nxc3 Nc6 5. Nf3 d6 6. Bc4 e6 7. O-O Nf6 8.
Qe2 a6 9. Rd1 Qc7 10. Bf4 Be7 11. e5 dxe5 12. Nxe5 Bd6 13. Nxc6 Bxf4 14. Rd8+
Qxd8 15. Nxd8 Kxd8 16. Rd1+ Ke7 17. Ne4 Nxe4 18. Qxe4 Bc7 19. Qd4 Rd8 20. Qh4+
f6 21. Rxd8 Bxd8 22. Qxh7 Kf7 23. Qh5+ Ke7 24. Qg6 Kf8 25. h4 Bd7 26. Qd3 Ke7
27. Qa3+ Kf7 28. Qd6 Ke8 29. Bxe6 Bxe6 30. Qxe6+ Kf8 31. Qd7 b5 32. Qb7 1-0

[Event "ONJK 2018 C"]
[Site "Borne, Netherlands"]
[Date "2018.08.06"]
[Round "1.4"]
[White "Borgelioen, Elise"]
[Black "Westerhof, Jannes"]
[Result "0-1"]
[WhiteElo "1308"]
[BlackElo "1737"]
[PlyCount "106"]
[EventDate "2018.??.??"]

1. e4 c5 2. Nf3 Nc6 3. Bb5 a6 4. Ba4 b5 5. Bb3 c4 6. Bxc4 bxc4 7. O-O d6 8. Nc3
Nf6 9. Re1 e5 10. h3 Be7 11. d3 cxd3 12. cxd3 Bd7 13. Be3 O-O 14. Rc1 Rc8 15.
b3 Qe8 16. Na4 Nb4 17. Nc3 Bb5 18. Nxb5 Rxc1 19. Bxc1 Qxb5 20. a3 Nxd3 21. a4
Qb4 22. Qxd3 h6 23. Qxa6 Qxb3 24. a5 Qc2 25. Qb7 Bd8 26. a6 Qc7 27. Be3 Nxe4
28. Rc1 Nc5 29. Qxc7 Bxc7 30. Bxc5 e4 31. Ba7 Bb8 32. Bxb8 Rxb8 33. a7 Ra8 34.
Rc7 exf3 35. Rb7 Kh7 36. Rxf7 fxg2 37. Kxg2 Kg6 38. Rd7 Kh7 39. Kf3 Kg6 40. Ke4
Kf6 41. Kd5 g6 42. Kxd6 h5 43. Kc7 Rxa7+ 44. Kc6 Rxd7 45. Kxd7 Kf5 46. Ke7 h4
47. Kf7 g5 48. f3 Kf4 49. Kf6 Kxf3 50. Kxg5 Kg3 51. Kf5 Kxh3 52. Kf4 Kg2 53.
Kg4 h3 0-1

[Event "ONJK 2018 C"]
[Site "Borne, Netherlands"]
[Date "2018.08.06"]
[Round "1.5"]
[White "Labruyere, Roger"]
[Black "Decruyenaere, Laura"]
[Result "1-0"]
[WhiteElo "1733"]
[BlackElo "1293"]
[PlyCount "97"]
[EventDate "2018.??.??"]

1. e4 e5 2. Nf3 Nc6 3. d4 exd4 4. Bc4 Bc5 5. c3 Qf6 6. Bg5 Qg6 7. O-O h6 8. Bf4
dxc3 9. Nxc3 d6 10. Nd5 Bb6 11. Re1 Nge7 12. e5 Nxd5 13. exd6+ Be6 14. Bxd5
O-O-O 15. Bxe6+ fxe6 16. Qb3 Rhe8 17. dxc7 Bxc7 18. Bxc7 Kxc7 19. Rac1 Rd3 20.
Rc3 Red8 21. Rxe6 Rd1+ 22. Ne1 Qb1 23. Re7+ R8d7 24. Rxd7+ Rxd7 25. Re3 Rd1 26.
Qc3 Qxa2 27. Qxg7+ Kb6 28. h3 Qb1 29. Rb3+ Kc5 30. Qf8+ Rd6 31. Rc3+ Kd5 32.
Rd3+ Nd4 33. Rxd4+ Kxd4 34. Qxd6+ Kc4 35. Qe6+ Kb5 36. Qe5+ Kb6 37. Kh2 Qg6 38.
f4 Qc6 39. f5 a6 40. f6 Ka7 41. f7 Qc8 42. b4 Qd8 43. Qc5+ b6 44. f8=Q bxc5 45.
Qxd8 cxb4 46. Nd3 b3 47. Nc5 b2 48. Qc7+ Ka8 49. Qb7# 1-0

[Event "ONJK 2018 C"]
[Site "Borne, Netherlands"]
[Date "2018.08.06"]
[Round "1.6"]
[White "Schoonhoven, Mark"]
[Black "Rogge, Parcival"]
[Result "0-1"]
[WhiteElo "1284"]
[BlackElo "1728"]
[PlyCount "54"]
[EventDate "2018.??.??"]

1. e4 c5 2. Nf3 d6 3. d4 cxd4 4. Nxd4 Nf6 5. Nc3 a6 6. Bc4 e6 7. O-O Be7 8. Bg5
O-O 9. Re1 b5 10. Bb3 Bb7 11. Bxe6 fxe6 12. Nxe6 Qb6 13. Nxf8 Kxf8 14. Qd2 Nbd7
15. Nd5 Nxd5 16. exd5 Bxg5 17. Qxg5 Nf6 18. Rad1 Rc8 19. Re2 Qc5 20. Qe3 Qxe3
21. fxe3 Bxd5 22. Rf2 Ke7 23. a3 Be6 24. c3 Rc5 25. Rd4 Re5 26. Rfd2 Rxe3 27.
Rxd6 Ne4 0-1

[Event "ONJK 2018 C"]
[Site "Borne, Netherlands"]
[Date "2018.08.06"]
[Round "1.7"]
[White "Albers, Sasa"]
[Black "Yannopapas, Leontios"]
[Result "1-0"]
[WhiteElo "1713"]
[BlackElo "1276"]
[PlyCount "45"]
[EventDate "2018.??.??"]

1. e4 c5 2. Nf3 g6 3. d4 cxd4 4. Nxd4 Bg7 5. Nc3 Nc6 6. Be3 Nf6 7. f3 O-O 8.
Qd2 d6 9. O-O-O Bd7 10. g4 Rb8 11. h4 Nxd4 12. Bxd4 b5 13. h5 b4 14. Nd5 Nxd5
15. exd5 a5 16. hxg6 fxg6 17. Bxg7 Kxg7 18. Qh6+ Kf6 19. Qh4+ Kg7 20. Qxh7+ Kf6
21. Bd3 Rg8 22. g5+ Ke5 23. Bxg6 1-0

[Event "ONJK 2018 C"]
[Site "Borne, Netherlands"]
[Date "2018.08.06"]
[Round "1.8"]
[White "De Keukelaere, Wouter"]
[Black "Goudriaan, Rafael"]
[Result "0-1"]
[WhiteElo "1249"]
[BlackElo "1656"]
[PlyCount "80"]
[EventDate "2018.??.??"]

1. e4 e6 2. Nf3 Nf6 3. Nc3 d5 4. exd5 exd5 5. d4 Bg4 6. Be2 Bd6 7. Bg5 c6 8.
O-O Nbd7 9. Re1 O-O 10. Qd2 Qc7 11. Kh1 h6 12. Be3 Nb6 13. b3 Bb4 14. Qd3 Ne4
15. Nxe4 dxe4 16. Qxe4 Bxf3 17. Bxf3 Bxe1 18. Rxe1 Nd5 19. Bd2 Nf6 20. Qe7 Qxe7
21. Rxe7 Rad8 22. c3 Rd7 23. Re1 c5 24. Be3 Nd5 25. Bxd5 Rxd5 26. dxc5 f5 27.
Bd4 Kf7 28. g3 a5 29. a3 g6 30. Kg2 a4 31. b4 Re8 32. Rxe8 Kxe8 33. Kf3 Kd7 34.
b5 b6 35. Ke3 bxc5 36. Bf6 Rd6 37. Be5 Rd1 38. b6 Rb1 39. Bc7 Rb3 40. Kd3 Rxa3
0-1

[Event "ONJK 2018 C"]
[Site "Borne, Netherlands"]
[Date "2018.08.06"]
[Round "1.9"]
[White "Slagboom, Leandro"]
[Black "Weidemann, Jakob"]
[Result "1-0"]
[WhiteElo "1632"]
[BlackElo "1212"]
[PlyCount "35"]
[EventDate "2018.??.??"]

1. Nf3 Nc6 2. d4 d5 3. c4 Bf5 4. cxd5 Qxd5 5. Nc3 Qa5 6. Bd2 Nb4 7. e4 Be6 8.
a3 Na6 9. Nd5 Qxd5 10. exd5 Bxd5 11. Bxa6 bxa6 12. Qa4+ c6 13. Ne5 Rc8 14. Rc1
Nf6 15. Nxc6 Bxc6 16. Rxc6 Rxc6 17. Qxc6+ Nd7 18. Qc8# 1-0

[Event "ONJK 2018 C"]
[Site "Borne, Netherlands"]
[Date "2018.08.06"]
[Round "1.10"]
[White "Sannen, Stijn"]
[Black "Mainka, Alwin"]
[Result "0-1"]
[WhiteElo "1211"]
[BlackElo "1631"]
[PlyCount "90"]
[EventDate "2018.??.??"]

1. d4 Nf6 2. c4 g6 3. Nc3 d5 4. Bg5 Ne4 5. Bf4 Nxc3 6. bxc3 dxc4 7. e4 Bg7 8.
Bxc4 O-O 9. Nf3 c5 10. O-O Nc6 11. e5 Bg4 12. Be3 Qc7 13. h3 Bxf3 14. Qxf3 cxd4
15. cxd4 Nxd4 16. Bxd4 Qxc4 17. Rfd1 Rad8 18. Qe3 Qa4 19. Rd2 e6 20. Rad1 b6
21. Rd3 Rd5 22. R1d2 Rfd8 23. f4 Qd7 24. Kf2 Bf8 25. Ke2 Qb5 26. Bc3 Bh6 27. g3
Bf8 28. g4 Bh6 29. g5 Bf8 30. Qe4 Bc5 31. a4 Qa6 32. h4 Bd4 33. Bxd4 Rxd4 34.
Qe3 Qc4 35. Qg3 a6 36. Qe3 Re4 37. Kf2 Rxf4+ 38. Kg3 Rg4+ 39. Kf3 Rxd3 40. Rxd3
Rxh4 41. Rd8+ Kg7 42. Qxb6 Qe4+ 43. Kf2 Rh2+ 44. Kg3 Rg2+ 45. Kh3 Qg4# 0-1

[Event "ONJK 2018 C"]
[Site "Borne, Netherlands"]
[Date "2018.08.06"]
[Round "1.11"]
[White "Baselmans, Daan"]
[Black "Krohmer, Eric"]
[Result "1-0"]
[WhiteElo "1630"]
[BlackElo "1210"]
[PlyCount "93"]
[EventDate "2018.??.??"]

1. e4 c6 2. d4 d5 3. exd5 cxd5 4. Nf3 Bf5 5. Be2 Nc6 6. O-O Nf6 7. Nbd2 e6 8.
h3 Be7 9. Nb3 O-O 10. Nh4 Ne4 11. Nxf5 exf5 12. Bf4 Bg5 13. Bxg5 Qxg5 14. Bf3
Rfe8 15. Re1 Qf4 16. c3 b5 17. Qd3 Rab8 18. Bxe4 fxe4 19. Qd2 Qxd2 20. Nxd2 b4
21. f3 exf3 22. Nxf3 bxc3 23. bxc3 Ne7 24. Ne5 f6 25. Nd7 Rb2 26. a4 Rb3 27.
Re3 Kf7 28. Nc5 Rb2 29. Rae1 Rbb8 30. Na6 Rbc8 31. Nb4 Nf5 32. Rxe8 Rxe8 33.
Rxe8 Kxe8 34. Nxd5 Kd7 35. Kf2 Kc6 36. Nb4+ Kd6 37. g4 Ne7 38. c4 Nc6 39. c5+
Kd7 40. Nxc6 Kxc6 41. Kf3 Kd5 42. a5 a6 43. Kf4 g6 44. g5 f5 45. h4 Ke6 46. c6
Kd6 47. d5 1-0

[Event "ONJK 2018 C"]
[Site "Borne, Netherlands"]
[Date "2018.08.06"]
[Round "1.12"]
[White "Joosse, Zofyra"]
[Black "De Putter, Nina"]
[Result "0-1"]
[WhiteElo "1204"]
[BlackElo "1621"]
[PlyCount "68"]
[EventDate "2018.??.??"]

1. d4 d5 2. c4 e6 3. Nf3 Nf6 4. Nc3 c5 5. e3 Nc6 6. Bd3 dxc4 7. Bxc4 cxd4 8.
exd4 Bb4 9. O-O O-O 10. Bg5 Be7 11. Bf4 Qb6 12. b3 Rd8 13. Na4 Qa5 14. Qd3 a6
15. Nc3 Nxd4 16. Nxd4 e5 17. Be3 exd4 18. Bxd4 b5 19. Bxb5 axb5 20. Qe3 Qb4 21.
Ne2 Ra6 22. Rfd1 Re6 23. Qf3 Bb7 24. Qd3 Be4 25. Qc3 Qxc3 26. Bxc3 Rxd1+ 27.
Rxd1 Nd5 28. Bb2 Bf6 29. Bxf6 Nxf6 30. Nf4 Re8 31. f3 Bg6 32. Kf2 h6 33. Rc1
Ra8 34. Rc2 Bxc2 0-1

[Event "ONJK 2018 C"]
[Site "Borne, Netherlands"]
[Date "2018.08.06"]
[Round "1.13"]
[White "De Jong, Mats"]
[Black "Schoonhoven, Laura"]
[Result "0-1"]
[WhiteElo "1600"]
[BlackElo "1194"]
[PlyCount "134"]
[EventDate "2018.??.??"]

1. d4 d5 2. c4 c6 3. Nf3 Bf5 4. Nc3 Nf6 5. Bg5 e6 6. e3 Nbd7 7. cxd5 exd5 8.
Bd3 Bg6 9. O-O Be7 10. Bxg6 hxg6 11. Qb3 b6 12. Rac1 Ne4 13. Bxe7 Qxe7 14. Qd1
Nxc3 15. Rxc3 Rc8 16. Qa4 Nb8 17. Rfc1 b5 18. Qxb5 Qd6 19. Qa4 Rc7 20. Ne5 f6
21. Rxc6 Nxc6 22. Rxc6 Rxc6 23. Qxc6+ Qxc6 24. Nxc6 a6 25. h3 Kd7 26. Nb4 Rb8
27. a3 Kd6 28. Kf1 a5 29. Nd3 Ke6 30. b3 Kf5 31. Nc5 g5 32. Ke2 g4 33. h4 Kg6
34. f4 Kh5 35. g3 g5 36. hxg5 fxg5 37. f5 Kh6 38. f6 Kg6 39. Kf2 Rd8 40. f7
Kxf7 41. Nb7 Ra8 42. Ke2 Ke7 43. Kd3 Kd7 44. e4 Kc6 45. Nc5 Rf8 46. exd5+ Kxd5
47. Nb7 Rf3+ 48. Ke2 Rxb3 49. Nxa5 Rb5 50. Nc4 Kxc4 51. Ke3 Rb3+ 52. Ke4 Rxa3
53. d5 Rxg3 54. d6 Rd3 55. Ke5 g3 56. Ke6 g2 57. d7 g1=Q 58. Ke7 Rxd7+ 59. Kxd7
Qd4+ 60. Ke6 Qd5+ 61. Kf6 Qe4 62. Kg7 Qe6 63. Kh7 Qf6 64. Kg8 Qe7 65. Kh8 Kd5
66. Kg8 Ke6 67. Kh8 Kf6 0-1

[Event "ONJK 2018 C"]
[Site "Borne, Netherlands"]
[Date "2018.08.06"]
[Round "1.14"]
[White "Van Lindt, Raffael"]
[Black "De Vries, Fabian"]
[Result "0-1"]
[WhiteElo "1182"]
[BlackElo "1600"]
[PlyCount "42"]
[EventDate "2018.??.??"]

1. e4 c6 2. Nf3 d5 3. exd5 cxd5 4. d4 Nc6 5. Bb5 Nf6 6. Nc3 Bg4 7. Bf4 e6 8.
Qd3 Bf5 9. Qd2 Bd6 10. Ne5 Qc7 11. O-O O-O 12. Rfe1 Rac8 13. Rad1 Nd7 14. Qe2
Ndxe5 15. dxe5 Bb4 16. Bd2 Nd4 17. Qh5 Bxc3 18. Bxc3 Nxb5 19. Bb4 Rfe8 20. Re2
Qc4 21. Bc3 Bg4 0-1

[Event "ONJK 2018 C"]
[Site "Borne, Netherlands"]
[Date "2018.08.06"]
[Round "1.15"]
[White "Hubers, Daan"]
[Black "Van Dam, Kars"]
[Result "1-0"]
[WhiteElo "1567"]
[BlackElo "1142"]
[PlyCount "55"]
[EventDate "2018.??.??"]

1. b4 e5 2. Bb2 Bxb4 3. Bxe5 Nf6 4. e3 d6 5. Bb2 Nc6 6. a3 Ba5 7. Be2 Be6 8.
Nc3 Qd7 9. Nf3 h6 10. Rb1 b6 11. Nb5 O-O 12. Bxf6 gxf6 13. Nfd4 Nxd4 14. Nxd4
Bd5 15. Bg4 Qa4 16. Nf5 Kh7 17. Nd4 Rg8 18. Bf5+ Kh8 19. Qh5 Kg7 20. Bd3 Bxd2+
21. Kxd2 Qa5+ 22. Ke2 Be6 23. Qxa5 bxa5 24. Rb7 c5 25. Nxe6+ Kh8 26. Rxf7 Rxg2
27. Rb1 Rag8 28. Rh7# 1-0

[Event "ONJK 2018 C"]
[Site "Borne, Netherlands"]
[Date "2018.08.06"]
[Round "1.16"]
[White "Bogouslavskii, Veronique"]
[Black "DHaenens, Leon"]
[Result "1/2-1/2"]
[WhiteElo "1105"]
[BlackElo "1565"]
[PlyCount "106"]
[EventDate "2018.??.??"]

1. d4 e6 2. Bf4 c5 3. c3 cxd4 4. cxd4 d6 5. e3 a6 6. Nd2 Nf6 7. Bd3 Nbd7 8. Nc4
Nb6 9. Nxb6 Qxb6 10. Qd2 Qc6 11. Nf3 b5 12. Rc1 Qb6 13. h3 Bb7 14. Be2 Ne4 15.
Qd1 Qa5+ 16. Kf1 Be7 17. a3 O-O 18. Bd3 Rac8 19. Ke2 Rxc1 20. Qxc1 Nf6 21. Qb1
h6 22. Rg1 Nd5 23. Bh2 b4 24. axb4 Qxb4 25. g4 a5 26. g5 hxg5 27. Nxg5 a4 28.
Qa2 Ra8 29. Qa3 Qxa3 30. bxa3 Ba6 31. Bxa6 Rxa6 32. Ne4 f5 33. Nd2 Rc6 34. Ra1
Nc3+ 35. Kd3 Nb5 36. Nb1 Rc1 37. Bg3 d5 38. Kd2 Rf1 39. Kc2 Rh1 40. h4 Bd6 41.
Bxd6 Nxd6 42. Ra2 Nc4 43. Nc3 Rh2 44. Kd3 f4 45. h5 fxe3 46. fxe3 Rxa2 47. Nxa2
Nxa3 48. Nc3 Nc4 49. Nxa4 Kf7 50. e4 Nd6 51. exd5 exd5 52. Nc3 Ke6 53. Ne2 Ne4
1/2-1/2

[Event "ONJK 2018 C"]
[Site "Borne, Netherlands"]
[Date "2018.08.06"]
[Round "1.17"]
[White "Van Kuijk, Vadim"]
[Black "Cappan, Igna"]
[Result "1-0"]
[WhiteElo "1545"]
[BlackElo "1071"]
[PlyCount "77"]
[EventDate "2018.??.??"]

1. d4 d5 2. Bf4 Nc6 3. e3 Bf5 4. c3 Nf6 5. Nf3 e6 6. Bb5 a6 7. Bxc6+ bxc6 8.
Qa4 Qd7 9. Ne5 Qd8 10. Qxc6+ Nd7 11. Nxd7 Bd6 12. Bxd6 cxd6 13. Nb6+ Ke7 14.
Qb7+ Kf6 15. Nxa8 Qxa8 16. Qxa8 Rxa8 17. O-O Rb8 18. b4 h6 19. f3 g5 20. e4
dxe4 21. fxe4 d5 22. exf5 exf5 23. Nd2 Kg6 24. a4 Rc8 25. Rfc1 g4 26. c4 Rd8
27. c5 Kf6 28. b5 a5 29. c6 Ke6 30. b6 Kd6 31. c7 Re8 32. c8=Q Rxc8 33. Rxc8
Kd7 34. b7 Ke6 35. b8=Q Kf6 36. Qe5+ Kg6 37. Rg8+ Kh5 38. Qxf5+ Kh4 39. Rxg4#
1-0

[Event "ONJK 2018 C"]
[Site "Borne, Netherlands"]
[Date "2018.08.06"]
[Round "1.18"]
[White "Van Eester, Jef"]
[Black "De Heij, Mees"]
[Result "0-1"]
[WhiteElo "1068"]
[BlackElo "1516"]
[PlyCount "86"]
[EventDate "2018.??.??"]

1. e4 c5 2. Nf3 Nc6 3. Nc3 d6 4. d3 e5 5. Be2 Nf6 6. Bg5 Be7 7. O-O h6 8. Be3
Bg4 9. a3 O-O 10. b4 cxb4 11. axb4 Nxb4 12. Qb1 a5 13. Rd1 Rc8 14. Qb2 Qc7 15.
Rdc1 Qxc3 16. Qxc3 Rxc3 17. Bd1 Bxf3 18. gxf3 d5 19. Rxa5 d4 20. Bd2 Rcc8 21.
Rb5 Nc6 22. Rxb7 Rb8 23. Rcb1 Rxb7 24. Rxb7 Rb8 25. Rc7 Bb4 26. Bc1 Nd8 27. f4
Bd6 28. Rc6 Nxc6 29. fxe5 Nxe5 30. f4 Ng6 31. e5 Rb1 32. Be2 Rxc1+ 33. Bf1 Bxe5
34. fxe5 Nxe5 35. Kf2 Rxc2+ 36. Be2 Nxd3+ 37. Kf3 Ne5+ 38. Kf2 d3 39. Kg3 Rxe2
40. h4 d2 41. h5 d1=Q 42. Kf4 Qd4+ 43. Kg3 Qg4# 0-1

[Event "ONJK 2018 C"]
[Site "Borne, Netherlands"]
[Date "2018.08.06"]
[Round "1.19"]
[White "Klein, Lucas"]
[Black "Visser, Barto"]
[Result "1-0"]
[WhiteElo "1515"]
[BlackElo "1054"]
[PlyCount "89"]
[EventDate "2018.??.??"]

1. d4 Nf6 2. c4 e6 3. Nc3 Bb4 4. Qc2 Nc6 5. Nf3 b6 6. Bg5 h6 7. Bh4 Ba6 8. e4
O-O 9. a3 Bxc3+ 10. Qxc3 Rb8 11. e5 Ne4 12. Bxd8 Nxc3 13. Bxc7 Rb7 14. Bd6 Rd8
15. bxc3 b5 16. cxb5 Bxb5 17. Bxb5 Rxb5 18. Nd2 Rb2 19. Nc4 Rc2 20. Ne3 Rxc3
21. d5 exd5 22. Nxd5 Rd3 23. Nb4 Rd4 24. Nxc6 dxc6 25. O-O Re8 26. Rab1 c5 27.
Bxc5 Rg4 28. f3 Rg5 29. f4 Rg4 30. Bxa7 Rc8 31. Rb8 Rxb8 32. Bxb8 Kh7 33. a4
Rg6 34. Bd6 Re6 35. Rb1 Re8 36. Rb8 Rxb8 37. Bxb8 Kg6 38. a5 Kf5 39. a6 Kxf4
40. e6+ Kf5 41. exf7 Kg6 42. f8=Q Kh7 43. Qf7 Kh8 44. Be5 Kh7 45. Qxg7# 1-0

[Event "ONJK 2018 C"]
[Site "Borne, Netherlands"]
[Date "2018.08.06"]
[Round "1.20"]
[White "Bollow, Jan Henrik"]
[Black "Maris, Lauri"]
[Result "0-1"]
[WhiteElo "1047"]
[BlackElo "1510"]
[PlyCount "54"]
[EventDate "2018.??.??"]

1. e4 e5 2. Nf3 Nc6 3. Nc3 f5 4. d3 Nf6 5. Be2 Bc5 6. h3 O-O 7. O-O d5 8. exd5
Nxd5 9. Nxd5 Qxd5 10. c4 Qe6 11. Be3 Nd4 12. Bxd4 Bxd4 13. Rb1 b6 14. Nxd4 exd4
15. Bf3 c6 16. b4 Kh8 17. b5 Bb7 18. a4 Qd7 19. bxc6 Bxc6 20. Bxc6 Qxc6 21. Re1
Rae8 22. Rxe8 Qxe8 23. Qc2 Qe5 24. Rb5 Qc7 25. Qb2 Re8 26. Kf1 Qh2 27. f3 Qh1+
0-1

[Event "ONJK 2018 C"]
[Site "Borne, Netherlands"]
[Date "2018.08.07"]
[Round "2.1"]
[White "Maris, Lauri"]
[Black "Bleeker, Kasper"]
[Result "0-1"]
[WhiteElo "1510"]
[BlackElo "1897"]
[PlyCount "78"]
[EventDate "2018.??.??"]

1. e4 e5 2. f4 exf4 3. Nf3 g5 4. h3 d5 5. exd5 Qxd5 6. Nc3 Qe6+ 7. Be2 Bb4 8.
Nb5 Na6 9. Nbd4 Qb6 10. Bxa6 Qxa6 11. Qe2+ Qxe2+ 12. Nxe2 h6 13. b3 Ne7 14.
Ned4 Bd7 15. Bb2 O-O-O 16. O-O-O Rhe8 17. Rhe1 Nc6 18. c3 Bc5 19. Nxc6 Bxc6 20.
Kb1 Bxf3 21. gxf3 Rxe1 22. Rxe1 Rxd2 23. Rf1 Rf2 24. Rxf2 Bxf2 25. c4 f5 26.
Bf6 Kd7 27. Kc2 Ke6 28. Bd8 c5 29. Kd3 b6 30. Ke2 Bd4 31. Bc7 Be5 32. Bxe5 Kxe5
33. Kd3 h5 34. a4 g4 35. fxg4 fxg4 36. hxg4 hxg4 37. Ke2 Ke4 38. Kf2 Kd3 39.
Kg2 Ke2 0-1

[Event "ONJK 2018 C"]
[Site "Borne, Netherlands"]
[Date "2018.08.07"]
[Round "2.2"]
[White "De Rycke, Tyani"]
[Black "Klein, Lucas"]
[Result "0-1"]
[WhiteElo "1766"]
[BlackElo "1515"]
[PlyCount "88"]
[EventDate "2018.??.??"]

1. e4 c5 2. Nc3 Nc6 3. g3 d6 4. Bg2 g6 5. d3 Bg7 6. Be3 Nf6 7. h3 O-O 8. Nge2
Qb6 9. Rb1 Qa5 10. Qd2 a6 11. f4 e5 12. O-O Nd4 13. g4 h5 14. g5 Ne8 15. b4 Qc7
16. Nd5 Qd8 17. bxc5 dxc5 18. c3 exf4 19. Nexf4 Ne6 20. Nb6 Rb8 21. Nxe6 Bxe6
22. Bxc5 Nd6 23. Qf4 Nb5 24. Bxf8 Qxb6+ 25. Kh1 Rxf8 26. c4 Qd4 27. cxb5 Qxd3
28. bxa6 bxa6 29. Rbd1 Qa3 30. Rf3 Qxa2 31. Rfd3 Qa5 32. Qe3 Qc7 33. Ra3 a5 34.
Rc1 Qd8 35. Rd3 Qb8 36. Qd2 a4 37. Rc5 Bb3 38. Bf3 Qb6 39. Qa5 Qe6 40. Kg2 Kh7
41. Qb4 Re8 42. Rc1 Qe5 43. Qc5 Qb2+ 44. Kf1 a3 0-1

[Event "ONJK 2018 C"]
[Site "Borne, Netherlands"]
[Date "2018.08.07"]
[Round "2.3"]
[White "De Zoeten, Cato"]
[Black "Beukema, Constantijn"]
[Result "1/2-1/2"]
[WhiteElo "1472"]
[BlackElo "1758"]
[PlyCount "73"]
[EventDate "2018.??.??"]

1. Nf3 Nc6 2. g3 Nf6 3. Bg2 e5 4. d3 d5 5. O-O Be7 6. c4 O-O 7. cxd5 Nxd5 8.
Nc3 Be6 9. Bd2 Kh8 10. Rc1 f6 11. Ne4 f5 12. Nc5 Bxc5 13. Rxc5 Qd6 14. Qc1 f4
15. Ng5 Bg8 16. Ne4 Qd8 17. Nc3 Nxc3 18. Qxc3 fxg3 19. hxg3 Nd4 20. Rxe5 Qd6
21. Re4 c5 22. Bf4 Qb6 23. Be5 Rae8 24. b4 Rf5 25. bxc5 Rfxe5 26. cxb6 Rxe4 27.
Bf3 Nxe2+ 28. Bxe2 Rxe2 29. bxa7 Rxa2 30. Rb1 Rxa7 31. Qc7 Bd5 32. Qc5 Ba2 33.
Qxa7 Bxb1 34. Qxb7 Bxd3 35. Qd7 Bg6 36. f4 Kg8 37. Kf2 1/2-1/2

[Event "ONJK 2018 C"]
[Site "Borne, Netherlands"]
[Date "2018.08.07"]
[Round "2.4"]
[White "Westerhof, Jannes"]
[Black "Naessens, Wolf"]
[Result "1-0"]
[WhiteElo "1737"]
[BlackElo "1456"]
[PlyCount "43"]
[EventDate "2018.??.??"]

1. e4 e5 2. Nf3 Nc6 3. d4 exd4 4. Nxd4 Bb4+ 5. c3 Bc5 6. Be3 Bb6 7. Bc4 Nf6 8.
f3 O-O 9. O-O Re8 10. Bg5 h6 11. Bh4 Na5 12. Na3 d6 13. b4 Nc6 14. Kh1 Ne5 15.
Bb3 Ng6 16. Bf2 c6 17. Qc2 d5 18. exd5 cxd5 19. Rad1 Be6 20. Nxe6 fxe6 21. Bxb6
Qxb6 22. Qxg6 1-0

[Event "ONJK 2018 C"]
[Site "Borne, Netherlands"]
[Date "2018.08.07"]
[Round "2.5"]
[White "Debunne, Tibe"]
[Black "Labruyere, Roger"]
[Result "0-1"]
[WhiteElo "1449"]
[BlackElo "1733"]
[PlyCount "70"]
[EventDate "2018.??.??"]

1. e4 c6 2. d4 d5 3. exd5 cxd5 4. c4 Nf6 5. Nc3 Nc6 6. Nf3 e6 7. Be3 Bd6 8. Qc2
Bd7 9. O-O-O Ne7 10. Bd3 dxc4 11. Bxc4 Rc8 12. Qb3 a6 13. Kb1 b5 14. Bd3 b4 15.
Ne4 Nxe4 16. Bxe4 a5 17. Qd3 Rb8 18. d5 e5 19. Qa6 Bb5 20. Qa7 Nc8 21. Qxb8
Bxb8 22. Bc5 Bd6 23. Rc1 Bxc5 24. Rxc5 Nd6 25. Re1 Qb6 26. Rec1 O-O 27. Nd2
Nxe4 28. Nxe4 Bd3+ 29. Ka1 Bxe4 30. Rc6 Qxf2 31. R6c5 a4 32. d6 a3 33. bxa3
Qd4+ 34. R5c3 bxc3 35. Rxc3 Qxc3# 0-1

[Event "ONJK 2018 C"]
[Site "Borne, Netherlands"]
[Date "2018.08.07"]
[Round "2.6"]
[White "Rogge, Parcival"]
[Black "Smeets, Kobe"]
[Result "1/2-1/2"]
[WhiteElo "1728"]
[BlackElo "1437"]
[PlyCount "34"]
[EventDate "2018.??.??"]

1. e4 c5 2. Nf3 d6 3. c3 Nf6 4. Bd3 Nc6 5. Bc2 Bg4 6. h3 Bh5 7. d3 e6 8. Nbd2
Be7 9. Nf1 d5 10. Qe2 d4 11. g4 Bg6 12. Ng3 Nd7 13. Nh5 Bf8 14. h4 f6 15. Nf4
Bf7 16. h5 e5 17. Nd5 Nb6 1/2-1/2

[Event "ONJK 2018 C"]
[Site "Borne, Netherlands"]
[Date "2018.08.07"]
[Round "2.7"]
[White "Nielsen, Philip"]
[Black "Albers, Sasa"]
[Result "0-1"]
[WhiteElo "1432"]
[BlackElo "1713"]
[PlyCount "54"]
[EventDate "2018.??.??"]

1. d4 d5 2. c4 c6 3. e3 Nf6 4. Nc3 e6 5. a3 Be7 6. Nf3 O-O 7. Bd2 Nbd7 8. c5
Qc7 9. Bd3 e5 10. dxe5 Nxe5 11. Nxe5 Qxe5 12. b4 Bf5 13. f4 Qe6 14. Qc2 Bxd3
15. Qxd3 Ne4 16. g3 Nxd2 17. Kxd2 Bf6 18. Rae1 Rad8 19. Kc2 Bxc3 20. Kxc3 f5
21. h3 a5 22. g4 axb4+ 23. axb4 Ra8 24. Kb2 Ra4 25. Kb3 d4+ 26. Kb2 Rxb4+ 27.
Ka3 Rb5 0-1

[Event "ONJK 2018 C"]
[Site "Borne, Netherlands"]
[Date "2018.08.07"]
[Round "2.8"]
[White "Goudriaan, Rafael"]
[Black "Den Heijer, Rolinde"]
[Result "1-0"]
[WhiteElo "1656"]
[BlackElo "1391"]
[PlyCount "75"]
[EventDate "2018.??.??"]

1. e4 e5 2. Nf3 Nc6 3. Bc4 Nf6 4. Nc3 Bb4 5. d3 h6 6. Bd2 O-O 7. O-O d6 8. h3
Bd7 9. Nh2 Nd4 10. f4 exf4 11. Bxf4 Bc5 12. Kh1 Nh7 13. Qh5 Nxc2 14. Rac1 Ne3
15. Bxe3 Bxe3 16. Rxf7 Rxf7 17. Bxf7+ Kh8 18. Rf1 Nf6 19. Qf3 Bd4 20. g4 Nh7
21. Qg2 Ng5 22. Bb3 c6 23. Nf3 Nxf3 24. Rxf3 Qg5 25. Qf1 Bf6 26. d4 Kh7 27. Qd3
Be7 28. e5+ Kh8 29. Bc2 g6 30. Ne4 Qh4 31. Nf6 Bxf6 32. Qxg6 Qe1+ 33. Kg2 Qe2+
34. Rf2 Bf5 35. Bxf5 Qxf2+ 36. Kxf2 Bh4+ 37. Ke2 Rg8 38. Qxh6# 1-0

[Event "ONJK 2018 C"]
[Site "Borne, Netherlands"]
[Date "2018.08.07"]
[Round "2.9"]
[White "Maes, Zayd"]
[Black "Slagboom, Leandro"]
[Result "0-1"]
[WhiteElo "1379"]
[BlackElo "1632"]
[PlyCount "59"]
[EventDate "2018.??.??"]

1. Nf3 d5 2. c4 c6 3. d4 e6 4. Nc3 dxc4 5. e3 b5 6. a4 Bb4 7. Bd2 a5 8. axb5
Bxc3 9. Bxc3 cxb5 10. g3 Bb7 11. Bg2 Nf6 12. O-O b4 13. Be1 Nbd7 14. Nd2 Bxg2
15. Kxg2 Qc7 16. Rc1 Nb6 17. Nxc4 Nxc4 18. Qe2 Qb7+ 19. Kg1 Nd6 20. Ra1 O-O 21.
h4 a4 22. g4 a3 23. f3 axb2 24. Qxb2 Rxa1 25. Qxa1 b3 26. g5 b2 27. Qb1 Nd5 28.
Bd2 Nc4 29. Rf2 Na3 30. Rf1 0-1